Environmental science : action for a sustainable future

Αποθηκεύτηκε σε:
Λεπτομέρειες βιβλιογραφικής εγγραφής
Κύριος συγγραφέας: Chiras, Daniel D.
Μορφή: Βιβλίο
Γλώσσα:Undetermined
Έκδοση: Redwood City, Calif. Benjamin/Cummings Pub. Co. 1990
Θέματα:
Ετικέτες: Προσθήκη ετικέτας
Δεν υπάρχουν, Καταχωρήστε ετικέτα πρώτοι!
Thư viện lưu trữ: Trung tâm Học liệu Trường Đại học Cần Thơ
LEADER 00683nam a2200217Ia 4500
001 CTU_127305
008 210402s9999 xx 000 0 und d
082 |a 363.7 
082 |b C532 
100 |a Chiras, Daniel D. 
245 0 |a Environmental science : 
245 0 |b action for a sustainable future 
245 0 |c Daniel D. Chiras 
260 |a Redwood City, Calif. 
260 |b Benjamin/Cummings Pub. Co. 
260 |c 1990 
526 |a Quản lý tổng hợp môi trường đất và nước 
526 |b MT608 
650 |a Environmental sciences,Sustainable development 
904 |i Nguyên 
980 |a Trung tâm Học liệu Trường Đại học Cần Thơ